Tonight I Might-Lyrics Katseye - Statistics

General Stats
  • This quiz has been taken 44 times
  • The average score is 209 of 255
Answer Stats
Lyrics % Correct
I
100%
to
96%
a
92%
do
92%
Do
92%
might
92%
Might
92%
the
92%
tonight
92%
Tonight
92%
all
88%
did
88%
I’m
88%
not
88%
of
88%
be
83%
for
83%
go
83%
in
83%
kid
83%
on
83%
shit
83%
somebody
83%
then
83%
before,
79%
before
79%
But
79%
but,
79%
but
79%
different
79%
example
79%
fully
79%
Get
79%
get
79%
handle
79%
high
79%
it
79%
kiss
79%
know
79%
Know
79%
life
79%
little
79%
party
79%
perfect
79%
ready
79%
someone
79%
didn’t
75%
friends
75%
inspired
75%
required
75%
same
75%
somebody’s
75%
stupid
75%
than
75%
things
75%
was
75%
when
75%
an
71%
and
71%
are
71%
complicated
71%
day
71%
jokes,
71%
kinda
71%
my
71%
people
71%
Pretend
71%
pretend
71%
such
71%
who
71%
4
67%
at
67%
by
67%
calling
67%
don’t
67%
hundred
67%
loud
67%
me
67%
misses
67%
morning
67%
reasons
67%
talk
67%
There’s
67%
these
67%
way
67%
why
67%
got
63%
number
63%
sing
63%
that
63%
they
63%
tired
63%
too
63%
everyone
58%
late
58%
move
58%
o’clock
58%
one
58%
up
58%
around
54%
focusing
54%
fun
54%
it’s
54%
overthinker,
54%
show
54%
doesn’t
46%
loner,
46%
No matching quizzes found
Score Distribution
Percent of People with Each Score
Percentile by Number Answered
Your Score History
You have not taken this quiz